Loading...
| Beliefs | 3 | 16.67 | 100% | 67% | 0% |
| Fine Arts - Classical Music and Opera | 3 | 13.33 | 100% | 33% | 0% |
| Fine Arts - Other Fine Arts | 3 | 16.67 | 100% | 67% | 0% |
| Fine Arts - Visual Fine Arts | 5 | 16.00 | 100% | 40% | 20% |
| Geography | 1 | 20.00 | 100% | 100% | 0% |
| History - European History | 3 | 10.00 | 100% | 0% | 0% |
| History - Other History | 6 | 20.00 | 100% | 83% | 17% |
| History - US History | 2 | 20.00 | 100% | 100% | 0% |
| History - World History | 4 | 12.50 | 100% | 25% | 0% |
| Literature - American Literature | 5 | 16.00 | 80% | 60% | 20% |
| Literature - British Literature | 2 | 10.00 | 100% | 0% | 0% |
| Literature - European Literature | 5 | 14.00 | 80% | 60% | 0% |
| Literature - World Literature | 5 | 14.00 | 100% | 20% | 20% |
| Modern World | 2 | 20.00 | 100% | 50% | 50% |
| Other Academic | 2 | 15.00 | 100% | 50% | 0% |
| Philosophy | 2 | 15.00 | 50% | 100% | 0% |
| Science - Astronomy | 1 | 10.00 | 0% | 100% | 0% |
| Science - Biology | 5 | 10.00 | 60% | 20% | 20% |
| Science - Chemistry | 5 | 10.00 | 80% | 20% | 0% |
| Science - Earth Science | 1 | 10.00 | 100% | 0% | 0% |
| Science - Other Science | 10 | 6.00 | 60% | 0% | 0% |
| Science - Physics | 2 | 5.00 | 50% | 0% | 0% |
| Social Science | 5 | 8.00 | 80% | 0% | 0% |